000 00630nam a2200229Ia 4500
003 OSt
005 20220923214455.0
006 a|||||r|||| 00| 0
007 ta
008 220922b |||||||| |||| 00| 0 hin d
024 _a169,808
037 _cTextual
040 _aARTS
_cARTS
_bhin
041 _2hin
_ahin
082 _aO152:3M951x, M0
100 _aअन्नपूर्णानन्द
245 0 _aमेरी हजामत
246 _aMerī hajāmata
260 _c1980
942 _hO152:3M951x, M0
_cTEXL
_2CC
999 _c324228
_d324228